000 00623nam a2200193Ia 4500
005 20260601193245.0
008 260601s9999||||xx |||||||||||||| ||und||
020 _a978-3-031-63646-2
_qebk
100 _aJuan A. Recio-Garcia
245 0 _aCase-Based Reasoning Research and Development
250 _a2024
260 _aHeidelberg, Germany
_bSpringer Nature
_c2024
440 _aLecture Notes in Computer Science
650 _aComputer Science
700 _aDerek Bridge
700 _aMauricio G. Orozco-del-Castillo
856 _uhttps://link.springer.com/openurl?genre=book&isbn=978-3-031-63646-2
942 _cEB
_2ddc
999 _c56535
_d56535